000 00297nam a2200109Ia 4500
008 220204s9999 xx 000 0 und d
082 _a543.422.25
_bNUC
245 0 _aNuclear magnetic resonance. V 5
260 _aLondon
_bChemical Society
_c1976
650 _aNuclear magnetic resonance
942 _cBK
999 _c34780
_d34780